Statistics for Big Time Rush (Theme) - Big Time Rush - All Lyrics

Click here to take the quiz!

General Stats

  • This quiz has been taken 97 times
  • The average score is 303 of 388

Answer Stats

Answer% Correct
(Hey,
99%
hey)
99%
(Oh,
99%
oh)
99%
woah)
99%
huh)
97%
oh,
97%
Oh,
97%
oh-oh)
97%
(Oh-oh,
97%
Oh-oh,
97%
oh-oh,
97%
oh-oh
97%
(Oh-oh-oh)
97%
oh-oh-oh
97%
(Ooh,
97%
(Ooh-ooh)
97%
woah)
97%
you
97%
big
96%
hey
96%
Hey,
96%
I
96%
time
96%
(Time)
96%
You
96%
you
96%
go
94%
Go
94%
a
92%
it
92%
it,
92%
make
92%
Make
92%
rush?
92%
Don't
91%
don't
91%
Don’t
91%
the
91%
when
91%
what
90%
What
90%
feel
88%
got,
88%
got
88%
to
87%
your
86%
back,
84%
gotta
84%
Gotta
84%
now
84%
look
82%
Look
82%
and
81%
hesitate
81%
hey,
81%
hey
81%
Hey,
81%
want
81%
want,
81%
life
79%
Life
79%
(Life
79%
If
78%
on
78%
play
78%
choose
74%
choose)
74%
heart
74%
straight
74%
so
73%
up,
73%
Listen
71%
lose?
71%
only
71%
real
71%
all,
70%
all
70%
All
70%
count,
70%
live
70%
it's
69%
It's
69%
It’s
69%
never
66%
Never
66%
shake
66%
line
65%
be
64%
is
64%
we
62%
(We
62%
We
62%
with
62%
quit
60%
take
60%
in
57%
lay
56%
get
55%
luck
55%
for
53%
right,
52%
shot
52%
give
51%
overnight
51%
Better
48%
down
48%
isn't
48%
like
48%
can
47%
dream
47%
roll
47%
this
47%
will
47%
around,
45%
see
45%
clear
43%
same
43%
are
42%
every
42%
gear,
42%
gonna
42%
broke,
40%
new
40%
off
40%
world
40%
brand
39%
change
39%
own
39%
start
39%
Step
39%
work,
39%
as
38%
but
38%
finish
38%
people
38%
Welcome
38%
(Times)
36%
times
36%
brighter
35%
good
35%
our
35%
pretty
35%
shining
35%
somehow
35%
sound,
35%
sunshine
35%
town
35%
town)
35%
walking
35%
light
34%
ground,
32%
we'll
32%
feet
31%
nothing
31%
seems,
31%
dreams
30%
really
29%
nothing's
27%
fly,
25%

Score Distribution

Percentile by Number Answered

Percent of People with Each Score

Your Score History

You have not taken this quiz